| 000 | 00504nam a22001577a 4500 | ||
|---|---|---|---|
| 020 | _qHard Cover. | ||
| 082 | _a658 | ||
| 100 | _aFatima, Mehak. | ||
| 245 |
_aDoes market structure matter on banks profitability an stability ? _bA case for Islamic banks of Pakistan |
||
| 260 |
_aIslamabad : _bNBS - NUST, _c2015. |
||
| 300 |
_a71 p. ill. ; _c30cm. |
||
| 650 |
_aMBA Thesis. _917629 |
||
| 700 |
_aMr. Tariq Abbasi. _918197 |
||
| 942 |
_2ddc _cTHE |
||
| 999 |
_c532548 _d532548 |
||